Strategické riadenie ľudských zdrojov a jeho ciele diplomová práca

Enregistré dans:
Détails bibliographiques
Auteur principal: Kloknerová, Soňa
Collectivité auteur: Národohospodárska fakulta EU. Katedra sociálneho rozvoja a práce
Autres auteurs: Pauhofová, Iveta
Format: Livre
Langue:slovaque
Publié: Bratislava 2008
Tags: Ajouter un tag
Pas de tags, Soyez le premier à ajouter un tag!

MARC

LEADER 00000nam$a2200000$$$4500
001 0078319
005 20230113082322.2
041 0 |a slo 
044 |a SK 
245 1 0 |a Strategické riadenie ľudských zdrojov a jeho ciele  |b diplomová práca  |c Soňa Kloknerová ; škol. Iveta Pauhofová 
264 1 |a Bratislava  |c 2008 
300 |a 78 s. 
100 1 |a Kloknerová, Soňa 
700 1 |a Pauhofová, Iveta 
710 2 |a Národohospodárska fakulta EU. Katedra sociálneho rozvoja a práce